000 00496nam a22001697a 4500
003 OSt
005 20260210141302.0
008 260210b |||||||| |||| 00| 0 eng d
040 _cMRSPTU
041 _aEnglish
100 _aManpreet, Supervisor: Dr. Rakesh Kumar Singla
245 _aLight Weight Concrete
260 _bDepartment of Civil Engg. MRSPTU, Bathinda
_c2014
650 _aCivil Engineering
856 _uhttp://163.47.215.52:8080/jspui/handle/123456789/1104
942 _2ddc
_cTH
_n0
999 _c10885
_d10885